[Event "25. Copenhagen Open  (Politiken Cup)"]
[Site "Copenhagen"]
[Date "2003.07.16"]
[Round "3"]
[White "Pedersen, Kenneth"]
[Black "Richards, Heather"]
[Result "0-1"]
[WhiteElo "1728"]
[BlackElo "2233"]
[PlyCount "54"]
[EventDate "2003.07.14"]
[EventType "swiss"]
[EventRounds "11"]
[EventCountry "DEN"]
[SourceDate "2004.01.01"]

1. e4 e6 2. d4 d5 3. exd5 exd5 4. Bd3 Bd6 5. Nf3 Bg4 6. h3 Bh5 7. O-O Ne7 8.
Be3 Nbc6 9. c3 Qd7 10. Nbd2 f6 11. Re1 O-O-O 12. b4 Rde8 13. b5 Nd8 14. a4 g5
15. a5 g4 16. b6 a6 17. hxg4 Qxg4 18. Bxa6 bxa6 19. Qe2 Rhg8 20. Qxa6+ Kd7 21.
Qf1 Nf5 22. bxc7 Nc6 23. a6 Nh4 24. Nxh4 Qxh4 25. f4 Rxe3 26. Rxe3 Bxf4 27. Rd3
Bh2+ 0-1

[Event "25. Copenhagen Open  (Politiken Cup)"]
[Site "Copenhagen"]
[Date "2003.07.16"]
[Round "3"]
[White "Pedersen, Steen"]
[Black "Flindt, Thomas"]
[Result "0-1"]
[WhiteElo "1865"]
[BlackElo "2134"]
[PlyCount "66"]
[EventDate "2003.07.14"]
[EventType "swiss"]
[EventRounds "11"]
[EventCountry "DEN"]
[SourceDate "2004.01.01"]

1. e4 Nc6 2. Nf3 d6 3. d4 Bg4 4. Bc4 e6 5. c3 d5 6. exd5 exd5 7. Bb5 Bd6 8. O-O
Nge7 9. Re1 O-O 10. Nbd2 Qd7 11. Nf1 Bh5 12. Ng3 Bg6 13. Nh4 Rae8 14. Be3 a6
15. Ba4 b5 16. Bb3 Na5 17. Nxg6 fxg6 18. Bc2 c6 19. b3 Nb7 20. Qd2 Nd8 21. Bg5
Ne6 22. Bxe7 Rxe7 23. Re2 Ref7 24. Rf1 Nf4 25. Ree1 Qg4 26. f3 Qg5 27. Rf2 Re7
28. Kh1 Nh3 29. Rxe7 Nxf2+ 30. Qxf2 Qxe7 31. Kg1 Re8 32. Kf1 Bxg3 33. hxg3 Qe3
0-1

[Event "25. Copenhagen Open  (Politiken Cup)"]
[Site "Copenhagen"]
[Date "2003.07.16"]
[Round "3"]
[White "Pettersson, Daniel"]
[Black "Remman, Frank"]
[Result "1/2-1/2"]
[WhiteElo "1850"]
[BlackElo "1548"]
[PlyCount "158"]
[EventDate "2003.07.14"]
[EventType "swiss"]
[EventRounds "11"]
[EventCountry "DEN"]
[SourceDate "2004.01.01"]

1. d4 Nf6 2. Nf3 e6 3. Bg5 Be7 4. e3 b6 5. Bd3 Bb7 6. O-O O-O 7. Nbd2 d5 8. c3
c5 9. Ne5 Nbd7 10. Ndf3 a6 11. Qc2 c4 12. Be2 Rc8 13. Rfe1 Nxe5 14. Nxe5 Ne4
15. Bxe7 Qxe7 16. Rad1 f6 17. Nf3 b5 18. Nd2 Nd6 19. Bf3 f5 20. a4 Qc7 21. axb5
axb5 22. Be2 Ra8 23. Ra1 Ra5 24. Rxa5 Qxa5 25. b3 Ra8 26. bxc4 dxc4 27. Rb1 Bc6
28. Bf3 Bxf3 29. gxf3 Nc8 30. Qb2 Nd6 31. e4 fxe4 32. fxe4 Qa2 33. e5 Nf5 34.
Qxa2 Rxa2 35. Ne4 Rc2 36. Rxb5 Nh4 37. Rb1 Nf3+ 38. Kg2 Nd2 39. Nxd2 Rxd2 40.
Rb4 Rd3 41. Rxc4 Kf7 42. Rc7+ Kg6 43. f3 Rd2+ 44. Kg3 Rc2 45. h4 h5 46. c4 Rc1
47. Rc6 Kf5 48. Rc7 Kg6 49. c5 Rd1 50. Rd7 Rd2 51. c6 Rc2 52. c7 Rc3 53. Kf4
Rc4 54. Ke4 Rc1 55. Re7 Rc4 56. f4 Rc1 57. d5 Rc4+ 58. Kd3 exd5 59. e6 Kf6 60.
Rf7+ Kxe6 61. Rxg7 Kd6 62. Rh7 Rc1 63. Rxh5 Rxc7 64. Rg5 Rc4 65. Rg6+ Ke7 66.
Ke3 Kf7 67. Rd6 Re4+ 68. Kf3 Rd4 69. h5 Rd1 70. Kg4 d4 71. Kf5 d3 72. h6 d2 73.
Rd7+ Kg8 74. Kf6 Kh8 75. h7 Rf1 76. Rxd2 Rxf4+ 77. Kg6 Rg4+ 78. Kh6 Rh4+ 79.
Kg6 Rg4+ 1/2-1/2

[Event "25. Copenhagen Open  (Politiken Cup)"]
[Site "Copenhagen"]
[Date "2003.07.16"]
[Round "3"]
[White "Preuss, Flemming"]
[Black "Hein, Jacob"]
[Result "1-0"]
[WhiteElo "2083"]
[BlackElo "1220"]
[PlyCount "51"]
[EventDate "2003.07.14"]
[EventType "swiss"]
[EventRounds "11"]
[EventCountry "DEN"]
[SourceDate "2004.01.01"]

1. f4 e5 2. fxe5 Nc6 3. Nf3 d6 4. exd6 Bxd6 5. g3 Qf6 6. Bg2 Bg4 7. O-O Bc5+ 8.
e3 O-O-O 9. Qe1 Qh6 10. d4 Be7 11. c3 Qh5 12. e4 Nh6 13. Nbd2 f5 14. Nc4 g5 15.
Nfe5 Nxd4 16. cxd4 Rxd4 17. Be3 Rxe4 18. Bxe4 fxe4 19. Nxg4 Nxg4 20. Qe2 Qh3
21. Rf7 Rf8 22. Rxe7 Rf2 23. Qxf2 Nxf2 24. Bxf2 Qg4 25. Re8+ Kd7 26. Ne5+ 1-0

[Event "25. Copenhagen Open  (Politiken Cup)"]
[Site "Copenhagen"]
[Date "2003.07.16"]
[Round "3"]
[White "Radovic, Slobodan"]
[Black "Thestrup, Sixten"]
[Result "0-1"]
[WhiteElo "1391"]
[BlackElo "1704"]
[PlyCount "66"]
[EventDate "2003.07.14"]
[EventType "swiss"]
[EventRounds "11"]
[EventCountry "DEN"]
[SourceDate "2004.01.01"]

1. Nf3 d6 2. d4 Nf6 3. c4 g6 4. g3 Bg7 5. Bg2 O-O 6. O-O Nbd7 7. Nc3 Re8 8. Bg5
h6 9. Bf4 Nh5 10. Bd2 e5 11. dxe5 Nxe5 12. Nxe5 dxe5 13. Qc2 c6 14. Rad1 Qe7
15. b3 Bd7 16. Bc1 Rad8 17. Rd2 f5 18. e4 f4 19. Rfd1 Rf8 20. Ba3 Qxa3 21. Rxd7
Rxd7 22. Rxd7 Qc5 23. Na4 Qb4 24. Qc3 Qa3 25. Qd2 b5 26. Bf1 bxa4 27. Rxa7 Qc5
28. Qd7 fxg3 29. Qe6+ Kh8 30. Rf7 gxf2+ 31. Kh1 Rxf7 32. Qxf7 Nf4 33. h4 Qe3
0-1

[Event "25. Copenhagen Open  (Politiken Cup)"]
[Site "Copenhagen"]
[Date "2003.07.16"]
[Round "3"]
[White "Rasmussen, Jens"]
[Black "Hansen, Erik Friberg"]
[Result "1-0"]
[WhiteElo "1638"]
[BlackElo "1220"]
[PlyCount "85"]
[EventDate "2003.07.14"]
[EventType "swiss"]
[EventRounds "11"]
[EventCountry "DEN"]
[SourceDate "2004.01.01"]

1. d4 d5 2. Nf3 Nf6 3. e3 e6 4. Bd3 Nbd7 5. Nbd2 Be7 6. O-O O-O 7. Re1 c5 8. b3
b6 9. Bb2 Bb7 10. Rc1 Rc8 11. c4 Ne4 12. Ne5 f5 13. cxd5 Nxe5 14. dxe5 Nxd2 15.
Qxd2 Qxd5 16. f3 Ba6 17. Red1 Rcd8 18. Rc3 c4 19. bxc4 Bxc4 20. Rxc4 Bc5 21.
Bd4 Rd7 22. Qc2 Rc8 23. Qb3 Rdc7 24. Be2 Bxd4 25. Rcxd4 Qxe5 26. Rd8+ Kf7 27.
f4 Qc3 28. Qxc3 Rxc3 29. Rxc8 Rxc8 30. Rd7+ Kf6 31. Rxa7 Rc2 32. Kf2 h6 33. Ra6
g5 34. Ke1 Rb2 35. a4 Ra2 36. h3 Rb2 37. Ra7 Kg6 38. Rb7 Kf6 39. a5 Rb1+ 40.
Kf2 Ra1 41. a6 Kg6 42. Rxb6 Kf6 43. Bc4 1-0

[Event "25. Copenhagen Open  (Politiken Cup)"]
[Site "Copenhagen"]
[Date "2003.07.16"]
[Round "3"]
[White "Rasmussen, Peter Nybo"]
[Black "Edvardsson, Hannu Kalervo"]
[Result "1-0"]
[WhiteElo "1692"]
[BlackElo "1325"]
[PlyCount "63"]
[EventDate "2003.07.14"]
[EventType "swiss"]
[EventRounds "11"]
[EventCountry "DEN"]
[SourceDate "2004.01.01"]

1. d4 d5 2. c4 e6 3. Nc3 c6 4. Nf3 Nf6 5. e3 Be7 6. Bd3 O-O 7. O-O Nbd7 8. Qc2
g6 9. e4 dxe4 10. Nxe4 Nxe4 11. Bxe4 Nf6 12. Bd3 b6 13. a3 Bb7 14. c5 b5 15.
Bf4 Nd5 16. Bg3 Re8 17. Rad1 a6 18. Rfe1 Bf6 19. Be4 Bg7 20. Qd2 Kh8 21. Ng5
Kg8 22. Bxd5 cxd5 23. Nf3 Bc6 24. Ne5 Bxe5 25. Bxe5 f5 26. Qh6 Qd7 27. Re3 Qf7
28. Rg3 Ra7 29. h4 Qf8 30. Rxg6+ hxg6 31. Qh8+ Kf7 32. Qh7+ 1-0

[Event "25. Copenhagen Open  (Politiken Cup)"]
[Site "Copenhagen"]
[Date "2003.07.16"]
[Round "3"]
[White "Rasmussen, Poul"]
[Black "Madsen, Gert Medom"]
[Result "1/2-1/2"]
[WhiteElo "1498"]
[BlackElo "1734"]
[PlyCount "90"]
[EventDate "2003.07.14"]
[EventType "swiss"]
[EventRounds "11"]
[EventCountry "DEN"]
[SourceDate "2004.01.01"]

1. e4 g6 2. d4 Bg7 3. Nc3 d6 4. Nf3 Nf6 5. Be2 O-O 6. O-O Nbd7 7. h3 e5 8. Be3
Re8 9. dxe5 Nxe5 10. Nxe5 Rxe5 11. Bf3 Re8 12. Qd2 Bd7 13. Bg5 Bc6 14. Rfe1 Qd7
15. Bxf6 Bxf6 16. Bg4 Qd8 17. Bf3 Bg5 18. Qd3 h5 19. Nd5 Re6 20. c4 Qd7 21. b4
b6 22. b5 Bxd5 23. exd5 Rxe1+ 24. Rxe1 a6 25. a4 axb5 26. axb5 Ra2 27. Re2 Ra1+
28. Kh2 Bf6 29. Qe4 Kg7 30. g3 Rd1 31. Qc2 Rd4 32. Rd2 Rxd2 33. Qxd2 Qf5 34.
Qe2 Be5 35. Kg2 Qb1 36. Be4 Qa1 37. Bd3 Bd4 38. Qf1 Qb2 39. Qe2 Qc3 40. Qc2 Qa3
41. Bf1 Bf6 42. h4 Qa1 43. Bd3 Qd4 44. Qe2 Be5 45. Qe4 Qb2 1/2-1/2

[Event "25. Copenhagen Open  (Politiken Cup)"]
[Site "Copenhagen"]
[Date "2003.07.16"]
[Round "3"]
[White "Rendboe, John Filip"]
[Black "Nyysti, Sampsa"]
[Result "0-1"]
[WhiteElo "2239"]
[BlackElo "2399"]
[PlyCount "52"]
[EventDate "2003.07.14"]
[EventType "swiss"]
[EventRounds "11"]
[EventCountry "DEN"]
[SourceDate "2004.01.01"]

1. d4 Nf6 2. c4 e6 3. Nc3 Bb4 4. e3 O-O 5. Bd3 d5 6. Nf3 c5 7. O-O Nc6 8. a3
Bxc3 9. bxc3 Qc7 10. Bb2 dxc4 11. Bxc4 Re8 12. Qe2 e5 13. d5 e4 14. dxc6 Bg4
15. Rfd1 bxc6 16. Qf1 exf3 17. gxf3 Bxf3 18. Be2 Ng4 19. Qh3 Bxe2 20. Rd2 Re6
21. Rxe2 Rg6 22. Kf1 Nxh2+ 23. Ke1 Rg1+ 24. Kd2 Rd8+ 25. Kc2 Rxa1 26. Bxa1 Qd6
0-1

[Event "25. Copenhagen Open  (Politiken Cup)"]
[Site "Copenhagen"]
[Date "2003.07.16"]
[Round "3"]
[White "Riis, Jens"]
[Black "Rohrmueller, Ulrich"]
[Result "1/2-1/2"]
[WhiteElo "2067"]
[BlackElo "2268"]
[PlyCount "65"]
[EventDate "2003.07.14"]
[EventType "swiss"]
[EventRounds "11"]
[EventCountry "DEN"]
[SourceDate "2004.01.01"]

1. Nf3 Nf6 2. d4 d5 3. Bf4 e6 4. e3 Be7 5. Bd3 b6 6. c3 Bb7 7. Ne5 c6 8. Nd2
Nbd7 9. Qf3 Nxe5 10. Bxe5 O-O 11. Qh3 g6 12. g4 Nd7 13. Nf3 Nxe5 14. Nxe5 Kg7
15. f4 f6 16. Nf3 Bd6 17. O-O-O Qe7 18. g5 f5 19. Qg3 c5 20. h4 Rh8 21. h5 Rag8
22. Rh2 Bc6 23. hxg6 hxg6 24. Rdh1 Rxh2 25. Qxh2 Kf8 26. Qg3 Qg7 27. Rh6 Rh8
28. Qh2 Kg8 29. Ba6 Bd7 30. Bd3 c4 31. Bc2 b5 32. Qh4 Be8 33. a3 1/2-1/2

[Event "25. Copenhagen Open  (Politiken Cup)"]
[Site "Copenhagen"]
[Date "2003.07.16"]
[Round "3"]
[White "Rosenkilde, Alexander"]
[Black "Nielsen, Jens Holm"]
[Result "1-0"]
[WhiteElo "1699"]
[BlackElo "2102"]
[PlyCount "125"]
[EventDate "2003.07.14"]
[EventType "swiss"]
[EventRounds "11"]
[EventCountry "DEN"]
[SourceDate "2004.01.01"]

1. d4 Nc6 2. c4 e5 3. e3 exd4 4. exd4 Bb4+ 5. Nc3 Qe7+ 6. Be2 Nf6 7. Nf3 Ne4 8.
Qc2 O-O 9. O-O Bxc3 10. bxc3 Nf6 11. Re1 d6 12. h3 h6 13. Bf4 Qe4 14. Qd2 g5
15. Bg3 Bf5 16. Nxg5 Qc2 17. Nf3 Qxd2 18. Nxd2 Rae8 19. Bh4 Ne4 20. Nxe4 Rxe4
21. g4 Rfe8 22. Kf1 Bg6 23. Bf3 Rxe1+ 24. Rxe1 Bd3+ 25. Be2 Rxe2 26. Rxe2 Bxc4
27. Ke1 Bxe2 28. Kxe2 Kf8 29. Kd3 Ne7 30. Ke4 d5+ 31. Ke3 Ng6 32. Bf6 c6 33. h4
Ne7 34. Kf4 Ng8 35. Kf5 Nxf6 36. Kxf6 b5 37. a3 a5 38. g5 hxg5 39. Kxg5 c5 40.
dxc5 d4 41. cxd4 b4 42. axb4 axb4 43. c6 Ke8 44. c7 Kd7 45. c8=Q+ Kxc8 46. h5
b3 47. h6 b2 48. h7 b1=Q 49. h8=Q+ Kd7 50. Qh3+ Kd8 51. Qf5 Qc1+ 52. Kf6 Qc6+
53. Kxf7 Qc7+ 54. Kg6 Qh2 55. f4 Qf2 56. d5 Qh2 57. d6 Qf2 58. Qe5 Qc2+ 59. f5
Qg2+ 60. Kf6 Qb7 61. Qe7+ Qxe7+ 62. dxe7+ Ke8 63. Kg7 1-0

[Event "25. Copenhagen Open  (Politiken Cup)"]
[Site "Copenhagen"]
[Date "2003.07.16"]
[Round "3"]
[White "Schandorff, Lars"]
[Black "Hanssen, Gunnar Berg"]
[Result "1/2-1/2"]
[WhiteElo "2525"]
[BlackElo "2280"]
[PlyCount "72"]
[EventDate "2003.07.14"]
[EventType "swiss"]
[EventRounds "11"]
[EventCountry "DEN"]
[SourceDate "2004.01.01"]

1. Nf3 Nf6 2. c4 e6 3. Nc3 Bb4 4. Qc2 O-O 5. a3 Bxc3 6. Qxc3 b6 7. e3 Bb7 8.
Be2 d6 9. O-O Nbd7 10. b4 c5 11. Bb2 Qe7 12. d4 Rfc8 13. dxc5 bxc5 14. b5 d5
15. a4 a6 16. cxd5 exd5 17. Bd3 axb5 18. axb5 d4 19. exd4 Bxf3 20. gxf3 Nd5 21.
Qd2 Rxa1 22. Rxa1 c4 23. Rc1 N7b6 24. Bf1 Qf6 25. Re1 h6 26. Ba3 Qxf3 27. Bc5
c3 28. Qc2 Qg4+ 29. Kh1 Qd7 30. Qd3 Re8 31. Rxe8+ Qxe8 32. Bxb6 Nxb6 33. Qxc3
Qe4+ 34. Kg1 Qg4+ 35. Kh1 Qe4+ 36. Kg1 Qg4+ 1/2-1/2

[Event "25. Copenhagen Open  (Politiken Cup)"]
[Site "Copenhagen"]
[Date "2003.07.16"]
[Round "3"]
[White "Schmied, Andreas"]
[Black "Schmidt, Horst Hubert"]
[Result "1-0"]
[WhiteElo "2124"]
[BlackElo "1870"]
[PlyCount "101"]
[EventDate "2003.07.14"]
[EventType "swiss"]
[EventRounds "11"]
[EventCountry "DEN"]
[SourceDate "2004.01.01"]

1. d4 d5 2. c4 c6 3. Nf3 Nf6 4. Nc3 Bf5 5. Qb3 Qb6 6. Qxb6 axb6 7. cxd5 Nxd5 8.
Nxd5 cxd5 9. e3 Nc6 10. Bd2 e6 11. Bb5 Bd6 12. Ke2 O-O 13. Nh4 Bg6 14. Nxg6
hxg6 15. h3 Na7 16. Bd3 Rfe8 17. f4 Rac8 18. Rac1 Rc6 19. Rc3 Rec8 20. Rhc1 Be7
21. Kd1 f5 22. Rb3 Kf7 23. Rxc6 Rxc6 24. Be1 g5 25. fxg5 Bxg5 26. Ke2 Nc8 27.
Rc3 Nd6 28. a4 f4 29. exf4 Bxf4 30. Kf3 Bc1 31. Rxc6 bxc6 32. Bc3 c5 33. dxc5
bxc5 34. b3 d4 35. Be1 Ke7 36. h4 Bb2 37. h5 Bc3 38. Bh4+ Kf8 39. Bg3 Nb7 40.
Bc4 Ke7 41. Be5 Kf7 42. g4 Na5 43. g5 Nxc4 44. bxc4 Bb4 45. g6+ Kf8 46. Ke4 Kg8
47. Bc7 Kf8 48. a5 Bxa5 49. Bxa5 Ke7 50. Bc7 Kf6 51. Bd8# 1-0

[Event "25. Copenhagen Open  (Politiken Cup)"]
[Site "Copenhagen"]
[Date "2003.07.16"]
[Round "3"]
[White "Skaanning Pedersen, Kim Henrik"]
[Black "Petersen, Nils"]
[Result "1-0"]
[WhiteElo "2187"]
[BlackElo "2009"]
[PlyCount "77"]
[EventDate "2003.07.14"]
[EventType "swiss"]
[EventRounds "11"]
[EventCountry "DEN"]
[SourceDate "2004.01.01"]

1. e4 c5 2. c3 Nf6 3. e5 Nd5 4. Nf3 Nc6 5. Bc4 e6 6. O-O Be7 7. d4 cxd4 8. cxd4
O-O 9. a3 d6 10. Re1 dxe5 11. dxe5 b6 12. Bd2 a5 13. Qe2 Nb8 14. Qe4 Ba6 15.
Bb3 Ra7 16. Bc2 g6 17. h4 Nd7 18. Bh6 Re8 19. Rd1 Nc5 20. Qg4 Be2 21. Rd2 Bxf3
22. Qxf3 Bxh4 23. Nc3 Rd7 24. Rad1 Bg5 25. Bxg5 Qxg5 26. b4 axb4 27. axb4 Na6
28. Ba4 Rc8 29. Ne4 Qxe5 30. Bxd7 Rc7 31. b5 Nb8 32. Bc6 Nxc6 33. bxc6 Rxc6 34.
Rd3 Kg7 35. Ng3 h5 36. Qe4 Qxe4 37. Nxe4 f5 38. Ng5 Nf4 39. Rd6 1-0

[Event "25. Copenhagen Open  (Politiken Cup)"]
[Site "Copenhagen"]
[Date "2003.07.16"]
[Round "3"]
[White "Skjoldborg, Jesper"]
[Black "Mortensen, Erling"]
[Result "0-1"]
[WhiteElo "2253"]
[BlackElo "2445"]
[PlyCount "56"]
[EventDate "2003.07.14"]
[EventType "swiss"]
[EventRounds "11"]
[EventCountry "DEN"]
[SourceDate "2004.01.01"]

1. e4 c5 2. Nf3 e6 3. d4 cxd4 4. Nxd4 a6 5. Nc3 b5 6. Be2 Bb7 7. a3 Qc7 8. O-O
Nf6 9. Qd3 d6 10. f4 Nbd7 11. Bf3 Rc8 12. Nde2 Be7 13. b3 O-O 14. Bb2 Rfd8 15.
Rad1 d5 16. e5 Ne4 17. Nxe4 Qxc2 18. Qxc2 Rxc2 19. Rd2 Rxb2 20. Nf6+ gxf6 21.
Rxb2 fxe5 22. fxe5 Bxa3 23. Rc2 Nxe5 24. Rc7 Bc6 25. Bh5 Be8 26. Ra1 Bd6 27.
Rc3 Ra8 28. Nd4 Nd7 0-1

[Event "25. Copenhagen Open  (Politiken Cup)"]
[Site "Copenhagen"]
[Date "2003.07.16"]
[Round "3"]
[White "Skovgaard, Peter Nicolai"]
[Black "Christensen, Jens"]
[Result "1/2-1/2"]
[WhiteElo "2038"]
[BlackElo "1300"]
[PlyCount "170"]
[EventDate "2003.07.14"]
[EventType "swiss"]
[EventRounds "11"]
[EventCountry "DEN"]
[SourceDate "2004.01.01"]

1. e4 c6 2. d4 d5 3. exd5 cxd5 4. c4 Nf6 5. Nc3 e6 6. Nf3 Nc6 7. Bd3 Be7 8. O-O
O-O 9. Bf4 dxc4 10. Bxc4 Nd5 11. Bg3 a6 12. a4 Ncb4 13. Rc1 Bf6 14. Qb3 Re8 15.
Rfe1 Nxc3 16. bxc3 Nc6 17. Qc2 Bd7 18. d5 Na5 19. Bd3 h6 20. d6 b5 21. axb5
axb5 22. Be5 Nc4 23. Bxf6 Qxf6 24. Bxc4 bxc4 25. Ne5 Red8 26. Qe4 Ra6 27. Ng4
Qg5 28. Qxc4 Rxd6 29. Rcd1 Bb5 30. Qb3 Rxd1 31. Rxd1 Rxd1+ 32. Qxd1 Qc5 33. Qd2
Qf5 34. Ne3 Qb1+ 35. Qd1 Qe4 36. h3 g6 37. Qb3 Bc6 38. c4 Qd4 39. Kf1 Qc5 40.
Qc3 Bb7 41. Ng4 Qc6 42. f3 Ba6 43. Ke1 Qxc4 44. Nxh6+ Kf8 45. Qxc4 Bxc4 46. Ng4
Ke7 47. Kf2 f6 48. h4 e5 49. Ne3 Bf7 50. g4 Ke6 51. Nc4 Kd5 52. Nb6+ Kc6 53.
Nc8 Kd7 54. Na7 Ke6 55. Nb5 Kd7 56. Nc3 Ke6 57. Ne4 Be8 58. Ke3 Bf7 59. Ng3 f5
60. Ne2 Be8 61. g5 Bc6 62. f4 exf4+ 63. Nxf4+ Kf7 64. Kd4 Bf3 65. Ke5 Bd1 66.
Ng2 Bf3 67. Ne3 Be2 68. Nc2 Bf3 69. Nd4 Bg4 70. Nb5 Bh5 71. Nd6+ Ke7 72. Nc8+
Kf7 73. Nb6 Bd1 74. Nd5 Bh5 75. Nf4 Bd1 76. h5 Bxh5 77. Nxh5 gxh5 78. Kxf5 h4
79. Kg4 Kg6 80. Kxh4 Kg7 81. Kh5 Kh7 82. g6+ Kg7 83. Kg5 Kg8 84. Kf5 Kg7 85.
Ke6 Kxg6 1/2-1/2

[Event "25. Copenhagen Open  (Politiken Cup)"]
[Site "Copenhagen"]
[Date "2003.07.16"]
[Round "3"]
[White "Stam, Bart"]
[Black "Lauritsen, Martin Lee"]
[Result "0-1"]
[WhiteElo "2058"]
[BlackElo "1687"]
[PlyCount "76"]
[EventDate "2003.07.14"]
[EventType "swiss"]
[EventRounds "11"]
[EventCountry "DEN"]
[SourceDate "2004.01.01"]

1. e4 c5 2. Nf3 Nc6 3. d4 cxd4 4. Nxd4 e5 5. Nb5 d6 6. c4 Be7 7. N1c3 a6 8. Na3
Be6 9. Bd3 Bg5 10. O-O Bxc1 11. Rxc1 Nf6 12. Nd5 Nd4 13. Nc2 Nxc2 14. Rxc2 Nxd5
15. cxd5 Bd7 16. Qd2 Rc8 17. Rxc8 Qxc8 18. Rc1 Qb8 19. Qa5 Ke7 20. Qd2 Rc8 21.
Qg5+ Kf8 22. Rf1 Qa7 23. h4 Qd4 24. Bb1 Qxb2 25. h5 h6 26. Qe3 b6 27. Bd3 Rc3
28. Rd1 Ba4 29. Rd2 Qb4 30. Qe2 Bb5 31. Bxb5 Qxb5 32. Qg4 a5 33. Qf5 Kg8 34. g4
Rc1+ 35. Kh2 Qf1 36. Qf3 b5 37. Qg2 Qe1 38. Rd3 Rc2 0-1

[Event "25. Copenhagen Open  (Politiken Cup)"]
[Site "Copenhagen"]
[Date "2003.07.16"]
[Round "3"]
[White "Stokke, Kjetil"]
[Black "Helin, Mikael"]
[Result "1-0"]
[WhiteElo "2162"]
[BlackElo "1971"]
[PlyCount "59"]
[EventDate "2003.07.14"]
[EventType "swiss"]
[EventRounds "11"]
[EventCountry "DEN"]
[SourceDate "2004.01.01"]

1. d4 g6 2. e4 d6 3. c4 Bg7 4. Nf3 Bg4 5. Be2 Nc6 6. Be3 e5 7. d5 Nce7 8. Nc3
f5 9. Ng5 Bxe2 10. Qxe2 f4 11. Ne6 Qd7 12. Nxg7+ Kf7 13. Ne6 fxe3 14. Qxe3 c6
15. O-O h6 16. f4 Nf6 17. fxe5 dxe5 18. Rxf6+ Kxf6 19. Rf1+ Nf5 20. exf5 g5 21.
Ne4+ Kf7 22. d6 Rag8 23. Qh3 h5 24. Qg3 g4 25. Qxe5 Rh6 26. N4c5 Qe8 27. d7 Qe7
28. d8=Q Rxd8 29. Qg7+ Ke8 30. Qg8+ 1-0

[Event "25. Copenhagen Open  (Politiken Cup)"]
[Site "Copenhagen"]
[Date "2003.07.16"]
[Round "3"]
[White "Taksrud, Vidar"]
[Black "Andersson, Christin"]
[Result "0-1"]
[WhiteElo "1914"]
[BlackElo "2149"]
[PlyCount "106"]
[EventDate "2003.07.14"]
[EventType "swiss"]
[EventRounds "11"]
[EventCountry "DEN"]
[SourceDate "2004.01.01"]

1. Nf3 d5 2. d4 c6 3. g3 g6 4. Bg2 Bg7 5. O-O Nf6 6. c4 dxc4 7. Qc2 b5 8. a4
Bf5 9. Qd1 Ne4 10. Be3 Nd7 11. Nc3 Nxc3 12. bxc3 Be4 13. Qd2 O-O 14. Ra2 Nf6
15. Rfa1 a5 16. Qb2 Nd5 17. Bd2 b4 18. Qc1 bxc3 19. Bh6 Nb4 20. Bxg7 Kxg7 21.
Qxc3 Nxa2 22. Rxa2 Qd5 23. Ra1 Rab8 24. Rc1 Rb4 25. Ne1 Bxg2 26. Nxg2 Rb3 27.
Qd2 c3 28. Qd3 Rb4 29. Qxc3 Qxd4 30. Qxc6 Qf6 31. Qc2 Qb2 32. Qc5 Rxa4 33. Ne3
e6 34. Rc2 Qd4 35. Qc6 Rb4 36. Rc1 Rb3 37. Qc7 Rfb8 38. Rc4 Qa1+ 39. Kg2 R3b7
40. Qc6 Rb5 41. Rc1 Rb1 42. Rc4 R8b5 43. Rf4 Rb7 44. Ra4 Qe5 45. Re4 Qc7 46.
Qa6 R1b4 47. Rxb4 axb4 48. Ng4 b3 49. Qd3 Qc5 50. Qf3 Qe7 51. Qc3+ f6 52. Qb2
h5 53. Ne3 Qc5 0-1

[Event "25. Copenhagen Open  (Politiken Cup)"]
[Site "Copenhagen"]
[Date "2003.07.16"]
[Round "3"]
[White "Tandrup, Michael"]
[Black "Ostergaard, Rasmus"]
[Result "0-1"]
[WhiteElo "1984"]
[BlackElo "2166"]
[PlyCount "102"]
[EventDate "2003.07.14"]
[EventType "swiss"]
[EventRounds "11"]
[EventCountry "DEN"]
[SourceDate "2004.01.01"]

1. e4 e5 2. Nf3 Nc6 3. Bb5 a6 4. Ba4 Nf6 5. O-O Be7 6. Re1 b5 7. Bb3 d6 8. c3
O-O 9. h3 Nb8 10. d4 Nbd7 11. Bg5 Bb7 12. Nbd2 h6 13. Bh4 c5 14. Bc2 Re8 15. d5
Nxd5 16. exd5 Bxh4 17. Ne4 Be7 18. b3 Bf8 19. c4 b4 20. g4 g6 21. Kh2 Nf6 22.
Rg1 Nxe4 23. Bxe4 Qf6 24. Qd3 Bg7 25. Rg2 a5 26. Rag1 Bc8 27. Kh1 Qf4 28. Nh4
Ra7 29. Qe2 a4 30. Rg3 axb3 31. axb3 Qf6 32. Ng2 Qe7 33. h4 f5 34. gxf5 gxf5
35. Bf3 Rf8 36. Bh5 f4 37. Rg6 Bf5 38. Rxg7+ Kxg7 39. Ne3+ Kh8 40. Nxf5 Rxf5
41. Qg4 Rf8 42. Bg6 Qg7 43. Qh5 Rg8 44. Rg2 Qf8 45. Qg4 Re7 46. Qh5 e4 47. Rg5
e3 48. fxe3 fxe3 49. Bd3 Rxg5 50. hxg5 Re5 51. Qd1 e2 0-1

[Event "25. Copenhagen Open  (Politiken Cup)"]
[Site "Copenhagen"]
[Date "2003.07.16"]
[Round "3"]
[White "Udmark, Jonas"]
[Black "Aabling Thomsen, Jakob"]
[Result "1-0"]
[WhiteElo "1964"]
[BlackElo "2158"]
[PlyCount "51"]
[EventDate "2003.07.14"]
[EventType "swiss"]
[EventRounds "11"]
[EventCountry "DEN"]
[SourceDate "2004.01.01"]

1. d4 Nf6 2. c4 e6 3. Nf3 b6 4. g3 Ba6 5. b3 b5 6. cxb5 Bxb5 7. Bg2 d5 8. O-O
c5 9. Ba3 Nbd7 10. Nbd2 a5 11. Re1 Qb6 12. Ne5 Nxe5 13. dxe5 Ng4 14. Nc4 Qa7
15. h3 Nxf2 16. Kxf2 dxc4 17. bxc4 Rd8 18. Qb3 Bd7 19. Rab1 Qc7 20. Red1 Qxe5
21. Rxd7 Qf6+ 22. Ke1 Rxd7 23. Qb8+ Qd8 24. Bc6 Be7 25. Bxd7+ Kxd7 26. Rd1+ 1-0

[Event "25. Copenhagen Open  (Politiken Cup)"]
[Site "Copenhagen"]
[Date "2003.07.16"]
[Round "3"]
[White "Unmack, Christian"]
[Black "Bleis, Christian"]
[Result "1-0"]
[WhiteElo "2085"]
[BlackElo "2252"]
[PlyCount "84"]
[EventDate "2003.07.14"]
[EventType "swiss"]
[EventRounds "11"]
[EventCountry "DEN"]
[SourceDate "2004.01.01"]

1. d4 c5 2. d5 e6 3. c4 exd5 4. cxd5 d6 5. Nc3 Nf6 6. e4 g6 7. Bd3 Bg7 8. Nge2
O-O 9. O-O Na6 10. f3 Nc7 11. Be3 a6 12. Rb1 Qe7 13. Qd2 b5 14. b4 cxb4 15.
Rxb4 Nd7 16. Nd4 Ne5 17. Be2 a5 18. Rbb1 b4 19. Na4 Ba6 20. Rfc1 Bxe2 21. Qxe2
Rae8 22. Nc6 Nxc6 23. dxc6 Nd5 24. Bd2 Bd4+ 25. Kh1 Nc7 26. Bh6 Bg7 27. Bxg7
Kxg7 28. Nb6 f5 29. Nd7 Rf7 30. Rd1 Kg8 31. Qd2 f4 32. e5 d5 33. Nf6+ Kg7 34.
Nxe8+ Qxe8 35. Rbc1 Qe6 36. Qd4 Kh6 37. Qc5 Ne8 38. Qxa5 Rf5 39. Qxb4 Rh5 40.
Qxf4+ g5 41. Qf8+ Kg6 42. c7 Rxh2+ 1-0

[Event "25. Copenhagen Open  (Politiken Cup)"]
[Site "Copenhagen"]
[Date "2003.07.16"]
[Round "3"]
[White "Vovk, Oksana"]
[Black "Gullaksen, Eirik T"]
[Result "0-1"]
[WhiteElo "2107"]
[BlackElo "2359"]
[PlyCount "38"]
[EventDate "2003.07.14"]
[EventType "swiss"]
[EventRounds "11"]
[EventCountry "DEN"]
[SourceDate "2004.01.01"]

1. d4 Nf6 2. c4 g6 3. Nc3 Bg7 4. Bg5 O-O 5. Nf3 c5 6. e3 d6 7. Be2 h6 8. Bh4
Bf5 9. O-O Ne4 10. Qb3 g5 11. Nxe4 Bxe4 12. Bg3 Qb6 13. Nd2 Bg6 14. Bf3 Nc6 15.
dxc5 dxc5 16. Ne4 g4 17. Nxc5 Qxc5 18. Bxg4 Na5 19. Qb5 Qxc4 0-1

[Event "25. Copenhagen Open  (Politiken Cup)"]
[Site "Copenhagen"]
[Date "2003.07.16"]
[Round "3"]
[White "Werner, Gert"]
[Black "Jakobsen, Hans Endrup"]
[Result "0-1"]
[WhiteElo "2140"]
[BlackElo "1918"]
[PlyCount "50"]
[EventDate "2003.07.14"]
[EventType "swiss"]
[EventRounds "11"]
[EventCountry "DEN"]
[SourceDate "2004.01.01"]

1. Nf3 Nf6 2. g3 d5 3. Bg2 g6 4. O-O Bg7 5. d4 O-O 6. c4 c6 7. Nc3 Re8 8. Re1
dxc4 9. e4 Bg4 10. h3 Bxf3 11. Bxf3 Na6 12. a3 Qd7 13. Bg2 Red8 14. Be3 e6 15.
Qd2 Rab8 16. Bf4 Rbc8 17. Rad1 b5 18. Qe2 Qe7 19. Bc1 Rd7 20. d5 exd5 21. exd5
Qxe2 22. Rxe2 Nxd5 23. Nxd5 cxd5 24. Bxd5 Nc5 25. Red2 Nb3 0-1